[Event "Wch U20 Girls 30th"]
[Site "Athens"]
[Date "2012.08.03"]
[Round "2"]
[White "Cemhan, Kardelen"]
[Black "Rodriguez Rueda, Paula Andrea"]
[Result "1/2-1/2"]
[WhiteElo "1938"]
[BlackElo "2196"]
[PlyCount "94"]
[EventDate "2012.08.02"]
[EventType "swiss"]
[EventRounds "13"]
[EventCountry "GRE"]
[SourceTitle "CBM 149 Extra"]
[Source "ChessBase"]
[SourceDate "2012.08.24"]
[SourceVersion "1"]
[SourceVersionDate "2012.08.24"]
[SourceQuality "1"]

1. e4 c5 2. Nf3 d6 3. d4 cxd4 4. Nxd4 Nf6 5. f3 a6 6. c4 Nc6 7. Nc3 e6 8. Be3 Be7 9. Be2 0-0 10. Qd2 Bd7 11. 0-0 Rc8 12. b3 Qa5 13. Nxc6 Bxc6 14. Nd5 Qd8 15. Nxe7+ Qxe7 16. Rfd1 d5 17. e5 Nd7 18. f4 Rfd8 19. Qe1 Qf8 20. Qf2 f6 21. cxd5 Bxd5 22. Rxd5 exd5 23. e6 Nc5 24. f5 Ne4 25. Qf4 Qe7 26. Bf3 Nc3 27. a4 d4 28. Bxd4 Qb4 29. Be3 Qxb3 30. Qg3 Nb1 31. Qe1 Na3 32. e7 Re8 33. Rd1 Kh8 34. Bf2 Qf7 35. Rd7 Nc2 36. Qe2 Nb4 37. Bxb7 Rc1+ 38. Be1 Nc6 39. Qe3 Rc4 40. Bxa6 Rg4 41. h3 Rg5 42. Bb5 Rxe7 43. Bxc6 Rxd7 44. Bxd7 Qxd7 45. g4 Qxa4 46. Bh4 h6 47. Bxg5 hxg5 1/2-1/2

[Event "Wch U20 Girls 30th"]
[Site "Athens"]
[Date "2012.08.02"]
[Round "1"]
[White "Cemhan, Kardelen"]
[Black "Petrova, Irina"]
[Result "1-0"]
[WhiteElo "1938"]
[BlackElo "2173"]
[PlyCount "173"]
[EventDate "2012.08.02"]
[EventType "swiss"]
[EventRounds "13"]
[EventCountry "GRE"]
[SourceTitle "CBM 149 Extra"]
[Source "ChessBase"]
[SourceDate "2012.08.24"]
[SourceVersion "1"]
[SourceVersionDate "2012.08.24"]
[SourceQuality "1"]

1. e4 c5 2. Nf3 d6 3. d4 cxd4 4. Nxd4 Nf6 5. f3 a6 6. c4 e6 7. Nc3 Be7 8. Be3 Qc7 9. Be2 Nbd7 10. Qd2 b6 11. 0-0 Bb7 12. Rac1 0-0 13. Rfd1 Rac8 14. b4 Qb8 15. Nb3 Rfe8 16. Kh1 d5 17. cxd5 Bxb4 18. dxe6 Rxe6 19. Nd4 Ree8 20. Nf5 Ne5 21. Bd4 Ng6 22. Qb2 Bf8 23. Qxb6 Re6 24. Qb3 Qa8 25. Bc4 Rec6 26. Bxf7+ Kh8 27. Rb1 R6c7 28. Be6 Re8 29. Nh6 gxh6 30. Bxf6+ Bg7 31. Bxg7+ Rxg7 32. Rd7 Bc6 33. Rxg7 Kxg7 34. Bd5 Ne7 35. Bxc6 Qxc6 36. Nd5 Nxd5 37. Qxd5 Qxd5 38. exd5 Re2 39. Rd1 Kf7 40. d6 Ke8 41. d7+ Kd8 42. h4 Rxa2 43. Rd6 a5 44. Rxh6 Kxd7 45. Rxh7+ Ke6 46. Kh2 a4 47. Ra7 Kf6 48. Kg3 a3 49. f4 Kg6 50. Ra6+ Kg7 51. f5 Ra1 52. Kg4 a2 53. g3 Kf7 54. h5 Kg7 55. h6+ Kh7 56. Kg5 Rg1 57. Ra7+ Kg8 58. Rxa2 Rxg3+ 59. Kf6 Rb3 60. Ra7 Rb6+ 61. Kg5 Rb1 62. Kg6 Rg1+ 63. Kf6 Rb1 64. h7+ Kh8 65. Kf7 Rb8 66. Ra1 Rc8 67. Re1 Rc7+ 68. Kg6 Re7 69. Rh1 Rg7+ 70. Kf6 Rf7+ 71. Ke6 Rf6+ 72. Ke5 Ra6 73. Rd1 Kxh7 74. Rd6 Ra1 75. Ke6 Re1+ 76. Kf7 Ra1 77. Re6 Ra7+ 78. Re7 Ra8 79. f6 Ra1 80. Kf8+ Kh8 81. f7 Kh7 82. Re2 Ra8+ 83. Re8 Ra7 84. Rd8 Kg6 85. Rd6+ Kh7 86. Ke8 Ra8+ 87. Rd8 1-0